| 000 | 00686nam a22002057a 4500 | ||
|---|---|---|---|
| 005 | 20211217191239.0 | ||
| 008 | 211125b ||||| |||| 00| 0 eng d | ||
| 020 | _a978-0-393-34777-7 | ||
| 040 | _cAIMIT LIBRARY | ||
| 082 |
_21 _a519.5 _bWHEC |
||
| 100 |
_aWheelan, Charles. _eAuthor _910840 |
||
| 245 |
_aNaked statistics: Stripping the dread from the data / _cby Charles Wheelan. _b |
||
| 250 | _a1st. ed . - | ||
| 260 |
_aNew York: _bW W Norton & Company, _c2014 |
||
| 300 | _axviii, 282p. ; 20.5 cm | ||
| 650 |
_aBasic probability _911788 |
||
| 650 |
_aThe importance of data _911789 |
||
| 650 |
_aCommon regression mistakes _911790 |
||
| 942 |
_2ddc _cBK _e1st Edition _k519.5 WHEC |
||
| 999 |
_c220771 _d220771 |
||